• 首页
  • 本馆介绍
  • 公告通知
  • 最新文献
  • 馆藏检索
  • 电子资源
  • 读者导购
  • 参考咨询
  • 我的图书馆
  • 登录
  • 详细信息显示
  • 放入我的书架
  • 预约/预借图书
  • 作者相关作品
  • 分类相关作品
  • 丛书相关作品
  • 出版社相关作品

书目信息

  • 表格格式
  • 工作单格式
  • 卡片格式
题名:
谈何容易
    
 
作者: 鲍鹏山 著
分册:  
出版信息: 北京   北京师范大学出版社  2009
页数: 178页
开本: 24cm
丛书名:
单 册:
中图分类: B21
科图分类:
主题词: 思想史--研究--中国--古代 , 思想史
电子资源:
ISBN: 978-7-303-10038-5
000 00809nam0 2200253 45
001 1029889726
005 20100428141619.57
010    @a978-7-303-10038-5@dCNY19.80
100    @a20100420d2009 em y0chiy50 ea
101 0  @achi
102    @aCN@b110000
105    @ay z 000yy
106    @ar
200 1  @a谈何容易@ATan He Rong Yi@e鲍鹏山十年语选@EBao Peng Shan Shi Nian Yu Xuan@f鲍鹏山著@FBao Peng Shan Zhu
210    @a北京@c北京师范大学出版社@d2009
215    @a178页@d24cm
330    @a本书收录了圣人、贤人、文人的语录,从中分析研究其思想精髓。
517 1  @a鲍鹏山十年语选@ABao Peng Shan Shi Nian Yu Xuan
606 0  @a思想史@x研究@y中国@z古代
606 0  @a思想史
690    @aB21@v4
701  0 @a鲍鹏山@ABao Peng Shan@4著
801  0 @aCN@bTANGWEI@c20100428
905    @b0593768-72@dB21@e133@f5
    
    谈何容易:鲍鹏山十年语选/鲍鹏山著.-北京:北京师范大学出版社,2009
    178页;24cm
    
    
    ISBN 978-7-303-10038-5:CNY19.80
    本书收录了圣人、贤人、文人的语录,从中分析研究其思想精髓。
●
相关链接 在E读中查询图书 在五车中查询图书 在当当中查询图书 在豆瓣中查询图书


正题名:谈何容易     索取号:B21/133         预约/预借

序号 登录号 条形码 馆藏地/架位号 状态 备注
1 0593768   205937682   第一样本阅览室/ [索取号:B21/133] 在馆    
2 0593769   205937691   第一借阅区/ [索取号:B21/133] 在馆    
3 0593770   205937708   第一借阅区/ [索取号:B21/133] 在馆    
4 0593771   205937717   第一借阅区/ [索取号:B21/133] 在馆    
5 0593772   205937726   第一借阅区/ [索取号:B21/133] 在馆    
唐山师范学院图书馆 欢迎您!
大连网信软件有限公司© 版权所有